5HLuxD.jpg

KING HENRY VIII SENIOR AND PRIMARY SCHOOL LIBRARY OPAC

Aquatic Reptiles of the DINOSAUR AGE (Record no. 5767)

000 -LEADER
fixed length control field 00833nam a22002537a 4500
005 - DATE AND TIME OF LATEST TRANSACTION
control field 20251104111049.0
008 - FIXED-LENGTH DATA ELEMENTS--GENERAL INFORMATION
fixed length control field 251104b ||||| |||| 00| 0 eng d
020 ## - INTERNATIONAL STANDARD BOOK NUMBER
International Standard Book Number 9788854414488
040 ## - CATALOGING SOURCE
Transcribing agency KH8
082 ## - DEWEY DECIMAL CLASSIFICATION NUMBER
Classification number 591.60 BRI
100 ## - MAIN ENTRY--PERSONAL NAME
Personal name Brillante,Giuseppe
Relator term Author
245 ## - TITLE STATEMENT
Title Aquatic Reptiles of the DINOSAUR AGE
260 ## - PUBLICATION, DISTRIBUTION, ETC.
Place of publication, distribution, etc. Piazzale Luigi Cadorna,6-201023 Milan,Italy
Name of publisher, distributor, etc. WSkids WHITE STAR KIDS
Date of publication, distribution, etc. 2019
300 ## - PHYSICAL DESCRIPTION
Extent 39 PAGES
Other physical details 20
Dimensions 20 cm x 27 cm
520 ## - SUMMARY, ETC.
Summary, etc. Dive in to discover the giant aquatic reptiles of the dinosaur age,the most amazing creatures to have prowled the oceans.
521 ## - TARGET AUDIENCE NOTE
Target audience note Ages 9-12 years old
650 ## - SUBJECT ADDED ENTRY--TOPICAL TERM
Topical term or geographic name entry element Juvenile Non Fiction
650 ## - SUBJECT ADDED ENTRY--TOPICAL TERM
Topical term or geographic name entry element Juvenile History
655 ## - INDEX TERM--GENRE/FORM
Genre/form data or focus term Dinosaur
655 ## - INDEX TERM--GENRE/FORM
Genre/form data or focus term Aquatic
655 ## - INDEX TERM--GENRE/FORM
Genre/form data or focus term Reptiles
700 ## - ADDED ENTRY--PERSONAL NAME
Personal name Mora,Roman Garcia
Relator term Illustrator
942 ## - ADDED ENTRY ELEMENTS (KOHA)
Source of classification or shelving scheme
Koha item type Books - Non Ficton
Holdings
Withdrawn status Lost status Source of classification or shelving scheme Damaged status Not for loan Collection code Permanent Location Current Location Shelving location Date acquired Total Checkouts Full call number Barcode Date last seen Date last checked out Price effective from Koha item type Public note
          Non-Fiction KH8 Primary School Library KH8 Primary School Library Non Fiction 2025-11-04 3 591.60 BRI KHPL000007377 2026-04-15 2026-04-08 2025-11-04 Books - Non Ficton PRIMARY LIBRARY

Powered By KH8 IT Dept